000 00645nam a2200217 a 4500
999 _c3113
_d3113
001 3113
003 BD-JhCC
005 20171109205240.0
008 171109s1374 bg |||| ||a| 000 0 ben d
035 _a(BD-JhCC)3113
040 _aBD-JhCC
_dBD-JhCC
041 _aben
082 _a891.442
_bGOS 1374
100 _aঘোষ, প্রশান্ত
245 _aশ্রেষ্ঠ পুরস্কার /
_cপ্রশান্ত ঘোষ
260 _aকলকাতা :
_bপ্রতিমা পুস্তক,
_c1374.
300 _a136 p. :
_c22 cm.
650 _aCollection of Drama
942 _2ddc
_cBK